000 00481nam a2200157 i 4500
001 150123
003 ES-MaACL
005 20230906203402.0
007 t|
008 071026s1933 fr ||||1| fre d
100 1 _aVandervelde, Émile.
_9113067
245 1 2 _aL'alternative
_b: capitalisme d'etat ou socialisme democratique /
_cEmile Vandervelde.
260 _aParis :
_bL'Églantine,
_c1933 (
_fUnion des Imprimeries)
300 _a264 p. ;
_c23 cm.
852 _aES-MaACL
_jA-1523
999 _c150123
_d150123